000
00250nam a22001217a 4500
008
181217b xxu||||| |||| 00| 0 eng d
041
_a
eng
080
_a
616
100
_a
9
101
_a
PAT
245
_a
Pathophysiology
_c
Pall.V
942
_2
udc
_c
BK
999
_c
53211
_d
53211